Astronomy A-Z - Statistics

General Stats
  • This quiz has been taken 250 times
    136 since last reset
  • The average score is 12 of 26
Answer Stats
Letter Question Answer % Correct
E Planet We Live On Earth
95%
J Largest Planet In Solar System Jupiter
92%
P Dwarf Planet That Used To Be Actual Planet Pluto
90%
N Acronym for American Space Agency NASA
87%
H Elements That Make Up Outer Space (Name Either One) Hydrogen | Helium
83%
K Unit of Temperature Kelvin
83%
M Planet Closest To Star Planets Orbit Mercury
80%
S Hot, Humongous Star All Planets Orbit Sun
80%
G Name of Jupiter's Largest Moon Ganymede
70%
C Dwarf Planet Ceres
67%
Y Period of Earth's Orbit around the Sun or the Sun around the Sky Year
67%
X Electromagnetic Radiation With a Wavelength Between About 0.0lnm To 10nm X-Ray
60%
Z Point Of Sky When Directly Overhead (Opposite of Nadir) Zenith
58%
Q Energy Source Quasar | QSO | Quasi Stellar Object
55%
U Central And Darkest Part Of Shadows Umbra
37%
I A Galaxy Called (Answer) Because Of No Obvious Structure or Shape Irregular
33%
A Another Name For The Reflectivity Of A Planet Albedo
28%
B Well Known Asterism Big Dipper
19%
L A type of galaxy that resembles a lens or a flattened disk Lenticular
19%
F Famous Launch Vehicle Manufactured By SpaceX Falcon 9
15%
D A Design Of A Telescope Developed By American Astronomer John Dosbon Dobsonian
14%
O A Double Star In Which There Is No Physical Connection Between The Stars Optical Pair
2%
W A Parameter Used to Estimate Strength Of Sunspot Activity Wolf Number
1%
R The Ability Of Instruments To Separate Two Close Features Resoluton
0%
T A Glassy Pebble Showing Signs Of Atmospheric Ablation Tektlte
0%
V Two Regions Within The Earth's Magnetosphere Where Energetic Charged Particles Are Trapped Van Alien Belts
0%
No matching quizzes found
Score Distribution
Percent of People with Each Score
Percentile by Number Answered
Your Score History
You have not taken this quiz since the last reset